Manifest : (No. rekod 1816)
[ format kosong ]
| 000 -LEADER | |
|---|---|
| fixed length control field | 01368aam a2200253 i 4500 |
| 003 - CONTROL NUMBER IDENTIFIER | |
| control field | KPN |
| 005 - DATE AND TIME OF LATEST TRANSACTION | |
| control field | 20260416113622.0 |
| 008 - FIXED-LENGTH DATA ELEMENTS--GENERAL INFORMATION | |
| fixed length control field | 20260416b 00| 0 eng d |
| 020 ## - INTERNATIONAL STANDARD BOOK NUMBER | |
| International Standard Book Number | 9780241608005 |
| Qualifying information | hardback |
| Terms of availability | RM99.75 |
| 040 ## - CATALOGING SOURCE | |
| Transcribing agency | KPN |
| 050 ## - LIBRARY OF CONGRESS CALL NUMBER | |
| Classification number | 158.1 NAF 2023 |
| 082 04 - DEWEY DECIMAL CLASSIFICATION NUMBER | |
| Classification number | 158.1 NAF 2023 |
| Edition number | 23 |
| 090 20 - LOCALLY ASSIGNED LC-TYPE CALL NUMBER (OCLC); LOCAL CALL NUMBER (RLIN) | |
| Classification number (OCLC) (R) ; Classification number, CALL (RLIN) (NR) | 158.1 NAF 2023 |
| Local cutter number (OCLC) ; Book number/undivided call number, CALL (RLIN) | NAF |
| 100 1# - MAIN ENTRY--PERSONAL NAME | |
| Personal name | Nafousi, Roxie, |
| Relator term | author. |
| 245 10 - TITLE STATEMENT | |
| Title | Manifest : |
| Remainder of title | Dive deeper/ |
| Statement of responsibility, etc. | Roxie Nafaousi |
| 264 #1 - PRODUCTION, PUBLICATION, DISTRIBUTION, MANUFACTURE, AND COPYRIGHT NOTICE | |
| Place of production, publication, distribution, manufacture | UK : |
| Name of producer, publisher, distributor, manufacturer | Penguin Michael Joseph, |
| Date of production, publication, distribution, manufacture, or copyright notice | 2023 |
| 300 ## - PHYSICAL DESCRIPTION | |
| Extent | 232 pages ; |
| Dimensions | 22 cm |
| 500 ## - GENERAL NOTE | |
| General note | Includes index |
| General note | Includes questions and exercises |
| 521 ## - TARGET AUDIENCE NOTE | |
| Target audience note | Manifest showed you it's possible to change your life. Now Dive Deeper will show you every step you need to take to get there.<br/><br/>In this hotly-demanded follow-up, you will discover exactly how to unlock your limitless potential, create lasting, transformative change, and turn your dreams into a reality.<br/><br/>Expanding your understanding of each of the unique seven steps to manifestation, Roxie Nafousi provides practical techniques to teach you how to harness your potential and confidently step into your power.<br/><br/>Each chapter is filled with simple and inspiring exercises designed to cultivate self-awareness, reflection and growth, empowering your manifesting process even more. |
| 650 10 - SUBJECT ADDED ENTRY--TOPICAL TERM | |
| Topical term or geographic name entry element | Self-actualization (Psychology) |
| Topical term or geographic name entry element | Success |
| 942 ## - ADDED ENTRY ELEMENTS (KOHA) | |
| Source of classification or shelving scheme | |
| Koha item type | Book |
| Suppress in OPAC | No |
| Withdrawn status | Lost status | Source of classification or shelving scheme | Damaged status | Not for loan | Collection code | Home library | Current library | Shelving location | Date acquired | Total Checkouts | Full call number | Barcode | Date last seen | Price effective from | Koha item type |
|---|---|---|---|---|---|---|---|---|---|---|---|---|---|---|---|
| Non-fiction | Perpustakaan Kementerian Perpaduan Malaysia | Perpustakaan Kementerian Perpaduan Malaysia | Non- Fiction Rack - philosophy and psychology | 16/04/2026 | 158.1 NAF 2023 | KPN26040050 | 16/04/2026 | 16/04/2026 | Book |